000 00492cam a22002052a 4500
001 025884
003 AR-FADEU
008 311216n1949####xxu####################dd
092 _a813.54
_bB922m
100 _aBuck, Pearl S.
245 _aThe mother
260 _aItalie
260 _bAlbatross
260 _c1949
300 _a232 p
440 _aThe albatross modern continental library
_n5150
650 _aLITERATURA NORTEAMERICANA-NOVELA
546 _aInglés
942 _cBDGR
999 _c31568
_d31568